000 00318nam a22001097a 4500
003 OSt
005 20260219150021.0
008 260219b |||||||| |||| 00| 0 eng d
040 _cChongging
245 _aChina's Way of Poverty Alleviation
_bDecoding the Governance System of the Communist Party of China
942 _2ddc
_cBK
999 _c4165
_d4165